000 00437nam a2200157Ia 4500
008 100122s9999 xx 000 0 und d
082 _b63581
_a821
100 _aकालिदास
245 _aमेघदूत
260 _bपॉप्युलर बुक डेपो
_c1956
300 _a68
630 _aमेघदूत
700 _aकुसुमाग्रज
730 _aमेघदूत
942 _cBOOK
999 _c437523
_d437520